Dakkhini Hindi Kavyadhara (Record no. 1117654)

MARC details
000 -LEADER
fixed length control field 00638nam a2200229Ia 4500
003 - CONTROL NUMBER IDENTIFIER
control field OSt
005 - DATE AND TIME OF LATEST TRANSACTION
control field 20221006164546.0
008 - FIXED-LENGTH DATA ELEMENTS--GENERAL INFORMATION
fixed length control field 221006b |||||||| |||| 00| 0 hin d
037 ## - SOURCE OF ACQUISITION
Terms of availability Textual
040 ## - CATALOGING SOURCE
Original cataloging agency FML
Transcribing agency FML
Language of cataloging hin
041 ## - LANGUAGE CODE
Source of code hin
Language code of text/sound track or separate title hin
100 ## - MAIN ENTRY--PERSONAL NAME
Personal name Sanskrityayan Rahul Au.
9 (RLIN) 677769
245 #0 - TITLE STATEMENT
Title Dakkhini Hindi Kavyadhara
260 ## - PUBLICATION, DISTRIBUTION, ETC.
Place of publication, distribution, etc. Patna
Name of publisher, distributor, etc. Bihar Rashtrabhasha Parishad India
Date of publication, distribution, etc. 1959
300 ## - PHYSICAL DESCRIPTION
Extent 366
Dimensions cm.
942 ## - ADDED ENTRY ELEMENTS (KOHA)
Classification part O152,1H43:g, wJ9
Koha item type Textual
Source of classification or shelving scheme Colon Classification (CC)
Holdings
Withdrawn status Lost status Source of classification or shelving scheme Damaged status Not for loan Home library Current library Date acquired Total Checkouts Full call number Barcode Date last seen Price effective from Koha item type
    Colon Classification (CC)     Department of Music Library Department of Music Library 2022-10-06   O152,1H43:g wJ9 MU0002769 2022-10-06 2022-10-06 Textual
Copyright @ Delhi University Library System